[Event "ch-KAZ 2016"]
[Site "Almaty KAZ"]
[Date "2016.05.07"]
[Round "5.1"]
[White "Kostenko, Petr"]
[Black "Ismagambetov, Anuar"]
[Result "1-0"]
[WhiteTitle "GM"]
[BlackTitle "GM"]
[WhiteElo "2457"]
[BlackElo "2559"]
[WhiteFideId "13700669"]
[BlackFideId "13701525"]
[EventDate "2016.05.03"]

1. e4 c5 2. Nf3 Nc6 3. Bb5 d6 4. O-O Bd7 5. Re1 Nf6 6. c3 a6 7. Bf1 Bg4 8. h3
Bh5 9. d4 cxd4 10. cxd4 e5 11. g4 Bg6 12. Nc3 Be7 13. Nd5 O-O 14. Nxe7+ Qxe7 15.
d5 Nb8 16. Nh4 Nbd7 17. f3 Ne8 18. Ng2 f6 19. Nh4 Bf7 20. Nf5 Qd8 21. Be3 g6 22.
Nh6+ Kh8 23. Rc1 Ng7 24. Qb3 f5 25. Qxb7 Be8 26. b3 fxe4 27. fxe4 Nc5 28. Rxc5
dxc5 29. Bxc5 Rf4 30. Be7 Qa5 31. Bh4 Qc5+ 32. Kh1 Ra7 33. Qb8 Rc7 34. Bg2 Rf8
35. Qd8 Bb5 36. Qg5 Qc3 37. Kh2 Qb2 38. Rg1 Rcc8 39. Bg3 Rce8 40. a4 Be2 41. Qc1
Qxb3 42. Qc7 Qb8 43. Qxb8 Rxb8 44. Bxe5 Rbe8 45. Ba1 Bd3 46. Rc1 Rc8 47. Rxc8
Rxc8 48. d6 Bc4 49. Bf6 Be6 50. e5 Rc2 51. Kg3 Rd2 52. Bc6 a5 53. Kf4 Rd4+ 54.
Ke3 Rd1 55. Bb5 Rh1 56. Kd4 Rxh3 57. g5 Rh1 58. Kc5 Rb1 59. Kb6 Bd7 60. Kc7 Rc1+
61. Kb6 Rb1 62. Ka6 Be6 63. Kxa5 Rb2 64. Nf7+ Kg8 65. Nd8 Bd5 66. d7 Rd2 67. Kb6
h5 68. gxh6 Nf5 69. Nc6 1-0

[Event "ch-KAZ 2016"]
[Site "Almaty KAZ"]
[Date "2016.05.07"]
[Round "5.2"]
[White "Kuderinov, Kirill"]
[Black "Askarov, Bakhtiyar"]
[Result "0-1"]
[WhiteTitle "IM"]
[WhiteElo "2489"]
[BlackElo "2396"]
[WhiteFideId "13701568"]
[BlackFideId "13701100"]
[EventDate "2016.05.03"]

1. e4 c5 2. Nf3 e6 3. d4 cxd4 4. Nxd4 a6 5. Bd3 Qc7 6. O-O Nf6 7. h3 Bc5 8. Nb3
Be7 9. c4 d6 10. Be3 b6 11. a4 Nc6 12. Nc3 O-O 13. Rc1 Ne5 14. f4 Nxd3 15. Qxd3
Bb7 16. f5 Nd7 17. Bf4 Ne5 18. Qg3 Bf6 19. Bg5 Bxg5 20. Qxg5 f6 21. Qe3 Qxc4 22.
Qxb6 Bc8 23. Nd5 Qxe4 24. Ne7+ Kh8 25. Rfe1 Qf4 26. Rf1 Qe4 27. Na5 exf5 28.
Qxd6 Qxa4 29. b4 Bd7 30. Nb7 Qb3 31. Nd5 Rab8 32. Rc7 Bb5 33. Rf2 Qg3 34. Rc3
Qg6 35. Nf4 Qe8 36. Rc7 Rf7 37. Rfc2 Nc4 38. Qc5 Rxc7 39. Qxc7 Rc8 0-1

[Event "ch-KAZ 2016"]
[Site "Almaty KAZ"]
[Date "2016.05.07"]
[Round "5.3"]
[White "Kazhgaleyev, Murtas"]
[Black "Jumabayev, Rinat"]
[Result "1/2-1/2"]
[WhiteTitle "GM"]
[BlackTitle "GM"]
[WhiteElo "2582"]
[BlackElo "2618"]
[WhiteFideId "13700316"]
[BlackFideId "13702661"]
[EventDate "2016.05.03"]

1. d4 Nf6 2. c4 g6 3. Nc3 d5 4. cxd5 Nxd5 5. e4 Nxc3 6. bxc3 Bg7 7. Qa4+ Nd7 8.
Nf3 O-O 9. Be2 c5 10. O-O Nb6 11. Qa3 cxd4 12. cxd4 Bg4 13. Bg5 Bxf3 14. Bxf3
Qxd4 15. Rad1 Qe5 16. Bxe7 Rfe8 17. Bh4 Qe6 18. Qb3 Qxb3 19. axb3 Rac8 20. Bg5
Rc3 21. Rb1 Nd7 22. Rfd1 Nf8 23. Bd2 Rc2 24. Be3 b6 25. g3 h5 26. Rbc1 Rxc1 27.
Rxc1 Ne6 28. Rd1 Bf6 29. h4 Kf8 30. Kg2 Ke7 31. Be2 Rd8 32. Rxd8 Kxd8 33. Bc4
Ke7 34. f4 Bd4 35. Bc1 a5 36. f5 Nc5 37. Ba3 Kf6 38. Bxc5 Bxc5 39. Kf3 Bd6 40.
g4 hxg4+ 1/2-1/2

[Event "ch-KAZ 2016"]
[Site "Almaty KAZ"]
[Date "2016.05.07"]
[Round "5.4"]
[White "Arestanov, Timur"]
[Black "Urazayev, Arystanbek"]
[Result "1-0"]
[WhiteTitle "FM"]
[BlackTitle "CM"]
[WhiteElo "2298"]
[BlackElo "2354"]
[WhiteFideId "13701304"]
[BlackFideId "13709810"]
[EventDate "2016.05.03"]

1. d4 Nf6 2. c4 g6 3. Nc3 Bg7 4. e4 d6 5. Nf3 O-O 6. Be2 e5 7. O-O Nc6 8. d5 Ne7
9. Ne1 Nd7 10. Be3 f5 11. f3 f4 12. Bf2 g5 13. a4 Rf6 14. Nd3 Rg6 15. c5 Nf6 16.
cxd6 cxd6 17. Qb3 Kh8 18. a5 g4 19. fxg4 Nxg4 20. Bxg4 Bxg4 21. Qxb7 Bh3 22. Ne1
Rb8 23. Qxa7 Rxb2 24. Rb1 Nc8 25. Qf7 Rxb1 26. Nxb1 Bf6 27. Qb7 Qxa5 28. Kh1 Rg7
29. Qb3 Qa6 30. Nd2 Bg4 31. Nef3 Rc7 32. h3 Bd7 33. Bh4 Bxh4 34. Nxh4 Ne7 35.
Re1 Qa5 36. Ndf3 Kg7 37. Rg1 Kf6 38. Qb2 Ng6 39. Nxg6 hxg6 40. Qf2 g5 41. g3 Qc5
42. Qf1 Qe3 43. gxf4 Qxe4 44. fxe5+ dxe5 45. Qg2 g4 46. hxg4 Bb5 47. Re1 Rh7+
48. Kg1 Qxd5 49. Rxe5 Qd1+ 50. Re1 Qd6 51. Qb2+ Kg6 52. Ne5+ Kg5 53. Qxb5 Kh4
54. Kg2 Qd2+ 55. Re2 1-0

[Event "ch-KAZ 2016"]
[Site "Almaty KAZ"]
[Date "2016.05.07"]
[Round "5.5"]
[White "Khusnutdinov, Rustam"]
[Black "Egorov, Evgeny"]
[Result "0-1"]
[WhiteTitle "GM"]
[BlackTitle "IM"]
[WhiteElo "2487"]
[BlackElo "2387"]
[WhiteFideId "13701703"]
[BlackFideId "13700421"]
[EventDate "2016.05.03"]

1. e4 c5 2. Nf3 d6 3. Bb5+ Bd7 4. Bxd7+ Qxd7 5. O-O Nf6 6. Qe2 Nc6 7. c3 e6 8.
d4 cxd4 9. cxd4 d5 10. e5 Ne4 11. Be3 Be7 12. Ne1 f6 13. f3 Ng5 14. Nd3 O-O 15.
Nd2 Rac8 16. Rac1 Nf7 17. f4 Nh6 18. Nf3 Nb4 19. Bd2 Nxd3 20. Qxd3 Rxc1 21. Rxc1
Rc8 22. Rc3 Bd8 23. h3 Nf5 24. Kh2 Rxc3 25. Qxc3 Qc7 26. Qb3 a6 27. g4 Ne7 28.
Bb4 Nc6 29. Bc5 Qf7 30. Kg3 h5 31. Qd3 hxg4 32. hxg4 Bc7 33. Bd6 Bxd6 34. exd6
Qd7 35. g5 Qxd6 36. gxf6 Qf8 37. Qg6 Qf7 38. Qxg7+ Qxg7+ 39. fxg7 Kxg7 40. Kf2
Nb4 41. Ne1 Nxa2 42. Nd3 b6 43. Ne5 Nb4 44. Ke3 a5 45. Nd7 b5 46. Nc5 Kf6 47.
Nb7 Nc6 48. Nd6 Na7 49. f5 exf5 50. Kf4 a4 51. Ne8+ Ke7 52. Ng7 b4 53. Ke5 a3
54. bxa3 b3 0-1

[Event "ch-KAZ 2016"]
[Site "Almaty KAZ"]
[Date "2016.05.07"]
[Round "5.6"]
[White "Utegaliyev, Azamat"]
[Black "Gurkin, Anton"]
[Result "0-1"]
[WhiteElo "2485"]
[BlackElo "2276"]
[WhiteFideId "13702467"]
[BlackFideId "13704320"]
[EventDate "2016.05.03"]

1. Nf3 d5 2. e3 Nf6 3. b3 Bg4 4. Bb2 e6 5. d3 Nbd7 6. Nbd2 Be7 7. h3 Bxf3 8.
Nxf3 c6 9. g4 Qa5+ 10. Qd2 Bb4 11. c3 Ba3 12. Bxa3 Qxa3 13. Bg2 O-O 14. O-O h6
15. Nd4 Qd6 16. Ne2 Nh7 17. c4 dxc4 18. bxc4 Ne5 19. Rad1 Rad8 20. Qc3 Ng6 21.
Ng3 f5 22. f4 Nh4 23. Qe5 Qxe5 24. fxe5 fxg4 25. Rxf8+ Nxf8 26. d4 Nxg2 27. Kxg2
gxh3+ 28. Kxh3 Ng6 29. Rb1 c5 30. Ne2 Rd7 31. Kg3 cxd4 32. exd4 Rf7 33. d5 Nxe5
34. dxe6 Re7 35. Nd4 g6 36. Kf4 Nxc4 37. Rc1 Rc7 38. Nb5 g5+ 39. Kg3 Rc5 40. a4
Kf8 41. Rf1+ Ke7 42. Rf7+ Kxe6 43. Rxb7 a6 44. Nc7+ Kf5 45. Nxa6 Rc8 46. Rb5+
Kg6 47. Rc5 Ra8 48. Nb4 Nd2 49. Rc6+ Kh5 50. Na6 Rf8 51. Re6 Rf3+ 52. Kg2 Ra3
53. Nc5 g4 54. Kf2 g3+ 55. Kg2 Nf3 56. Ne4 Nh4+ 57. Kh3 g2+ 58. Kh2 Ra1 59. Ng3+
Kg4 60. Rg6+ Nxg6 0-1

[Event "ch-KAZ 2016"]
[Site "Almaty KAZ"]
[Date "2016.05.08"]
[Round "6.1"]
[White "Ismagambetov, Anuar"]
[Black "Gurkin, Anton"]
[Result "1-0"]
[WhiteTitle "GM"]
[WhiteElo "2559"]
[BlackElo "2276"]
[WhiteFideId "13701525"]
[BlackFideId "13704320"]
[EventDate "2016.05.03"]

1. e4 c5 2. Nf3 Nc6 3. d4 cxd4 4. Nxd4 e5 5. Nb5 a6 6. Nd6+ Bxd6 7. Qxd6 Qe7 8.
Qd1 Nf6 9. Nc3 b5 10. Bg5 Qb4 11. Bxf6 gxf6 12. Bd3 Ne7 13. O-O Qxb2 14. Qd2 Rg8
15. a3 Nc6 16. Ra2 Nd4 17. f3 1-0

[Event "ch-KAZ 2016"]
[Site "Almaty KAZ"]
[Date "2016.05.08"]
[Round "6.2"]
[White "Egorov, Evgeny"]
[Black "Utegaliyev, Azamat"]
[Result "0-1"]
[WhiteTitle "IM"]
[WhiteElo "2387"]
[BlackElo "2485"]
[WhiteFideId "13700421"]
[BlackFideId "13702467"]
[EventDate "2016.05.03"]

1. d4 Nf6 2. Bf4 g6 3. Nf3 Bg7 4. h3 O-O 5. e3 c5 6. c3 b6 7. Be2 Bb7 8. O-O d5
9. Ne5 Nc6 10. Nd2 Nd7 11. Nxd7 Qxd7 12. dxc5 e5 13. Bh2 bxc5 14. Ne4 Qe7 15.
Qxd5 Nd4 16. Qxc5 Nxe2+ 17. Kh1 Qe6 18. Nd6 Ba6 19. Rfd1 Rab8 20. Rd2 e4 21. Re1
Bd3 22. Nxe4 Bxe4 23. Rexe2 Rbc8 24. Qa5 Qxh3 25. f3 Qf5 26. Qxa7 Ra8 27. Qc7
Bd3 28. e4 Qb5 29. Re3 Bb1 30. c4 Qb4 31. Rde2 Rfc8 32. Qd6 Qxc4 33. b3 Qb5 34.
e5 Bxa2 35. e6 Bxb3 36. Be5 Bxe6 37. Bxg7 Kxg7 38. Rxe6 Qh5+ 39. Kg1 fxe6 40.
Qe7+ Kh6 41. g4 Qc5+ 0-1

[Event "ch-KAZ 2016"]
[Site "Almaty KAZ"]
[Date "2016.05.08"]
[Round "6.3"]
[White "Urazayev, Arystanbek"]
[Black "Khusnutdinov, Rustam"]
[Result "1/2-1/2"]
[WhiteTitle "CM"]
[BlackTitle "GM"]
[WhiteElo "2354"]
[BlackElo "2487"]
[WhiteFideId "13709810"]
[BlackFideId "13701703"]
[EventDate "2016.05.03"]

1. c4 e5 2. g3 Nf6 3. Bg2 Bc5 4. Nc3 Nc6 5. Nf3 d6 6. d3 h6 7. O-O a6 8. a3 Nd4
9. b4 Nxf3+ 10. Bxf3 Ba7 11. Bb2 O-O 12. e3 Re8 13. d4 e4 14. Bg2 c6 15. d5 Bg4
16. Qc2 cxd5 17. Nxd5 Nxd5 18. cxd5 Rc8 19. Qd2 Qd7 20. Rfc1 Bf3 21. Rxc8 Rxc8
22. Rc1 Rxc1+ 23. Qxc1 Bxg2 24. Kxg2 Qg4 25. h3 Qf3+ 26. Kg1 Qf5 27. Qc4 Qf3 28.
Qc1 Kh7 29. Qd2 h5 30. h4 Kg6 31. Bd4 Bxd4 32. Qxd4 f6 33. Qc4 Qd1+ 34. Kg2 Qf3+
35. Kg1 Qd1+ 36. Kg2 1/2-1/2

[Event "ch-KAZ 2016"]
[Site "Almaty KAZ"]
[Date "2016.05.08"]
[Round "6.4"]
[White "Jumabayev, Rinat"]
[Black "Arestanov, Timur"]
[Result "1-0"]
[WhiteTitle "GM"]
[BlackTitle "FM"]
[WhiteElo "2618"]
[BlackElo "2298"]
[WhiteFideId "13702661"]
[BlackFideId "13701304"]
[EventDate "2016.05.03"]

1. d4 d5 2. c4 e6 3. Nf3 c6 4. Qc2 dxc4 5. Qxc4 b5 6. Qc2 Bb7 7. Bg5 Nf6 8. e3
Qa5+ 9. Nbd2 Nbd7 10. Be2 c5 11. O-O cxd4 12. Nxd4 Rc8 13. Qd1 a6 14. a4 b4 15.
Bxf6 Nxf6 16. Bf3 Nd5 17. Rc1 Rxc1 18. Qxc1 Bd6 19. N2b3 Qb6 20. a5 Qd8 21. e4
Ne7 22. e5 Bxe5 23. Bxb7 Bxd4 24. Rd1 e5 25. Nxd4 exd4 26. Qc5 d3 27. Bxa6 O-O
28. Bxd3 Ng6 29. Qxb4 Qd5 30. Be2 Qe5 31. Bf1 Rb8 32. Qa3 Qxb2 33. Rd8+ 1-0

[Event "ch-KAZ 2016"]
[Site "Almaty KAZ"]
[Date "2016.05.08"]
[Round "6.5"]
[White "Askarov, Bakhtiyar"]
[Black "Kazhgaleyev, Murtas"]
[Result "1-0"]
[BlackTitle "GM"]
[WhiteElo "2396"]
[BlackElo "2582"]
[WhiteFideId "13701100"]
[BlackFideId "13700316"]
[EventDate "2016.05.03"]

1. e4 c5 2. Nf3 e6 3. d4 cxd4 4. Nxd4 Nf6 5. Bd3 Nc6 6. Nxc6 bxc6 7. c4 d5 8.
cxd5 cxd5 9. Bb5+ Bd7 10. Bxd7+ Qxd7 11. exd5 Nxd5 12. O-O Be7 13. Bd2 O-O 14.
Nc3 Bf6 15. Nxd5 exd5 16. Bc3 d4 17. Qd3 Qa4 18. Bd2 Rac8 19. b3 Qa3 20. Rfc1
Rfe8 21. Kf1 Rxc1+ 22. Bxc1 Qd6 23. f4 Rc8 24. Bd2 Qa3 25. Ke1 g6 26. Kd1 Qc5
27. h3 Qh5+ 28. Qf3 Qf5 29. Rc1 Re8 30. g4 Qb5 31. Rc4 Qd7 32. Kc2 Bg7 33. a4
Qe7 34. b4 d3+ 35. Qxd3 Rd8 36. Qe3 Qd7 37. b5 Qd5 38. Qe2 h5 39. Bc3 Bxc3 40.
Kxc3 Qh1 41. Qe3 a5 42. bxa6 Qa1+ 43. Kb4 Rb8+ 44. Ka5 Qf6 45. Qd4 Qe7 46. a7
Rd8 47. Qc5 Qe6 48. Qc6 Qe1+ 49. Ka6 1-0

[Event "ch-KAZ 2016"]
[Site "Almaty KAZ"]
[Date "2016.05.08"]
[Round "6.6"]
[White "Kostenko, Petr"]
[Black "Kuderinov, Kirill"]
[Result "1/2-1/2"]
[WhiteTitle "GM"]
[BlackTitle "IM"]
[WhiteElo "2457"]
[BlackElo "2489"]
[WhiteFideId "13700669"]
[BlackFideId "13701568"]
[EventDate "2016.05.03"]

1. e4 a6 2. c4 e5 3. Nc3 Nc6 4. f4 Bc5 5. Qg4 Nf6 6. Qg5 d6 7. Nf3 O-O 8. d3 b5
9. f5 Nd4 10. Rb1 c6 11. Qg3 Kh8 12. Bg5 Bb7 13. Rc1 Qa5 14. Qh4 Ng8 15. Bd2
Nxf3+ 16. gxf3 Qb6 17. Nd1 Bd4 18. h3 bxc4 19. dxc4 d5 20. Rh2 Rad8 21. b4 dxc4
22. Rxc4 c5 23. Rg2 f6 24. bxc5 Bxc5 25. Rc2 Rd7 26. Bc4 Bb4 27. Qf2 Qa5 28. Be6
Rxd2 29. Rxd2 Rd8 30. Qe3 Ne7 31. a3 Bxd2+ 32. Rxd2 Nc6 33. Qc3 Qxc3 34. Nxc3
Nd4 35. Rb2 Bc6 36. Kf2 g6 37. Bd5 Bd7 38. Rb6 Rc8 39. Rxf6 Rxc3 40. Rf8+ Kg7
41. Rf7+ Kh6 42. Rxd7 Kg5 43. Rxh7 Rxf3+ 44. Kg2 gxf5 45. h4+ Kf4 46. exf5 Rg3+
47. Kf2 e4 48. Bxe4 Rxa3 49. Re7 1/2-1/2

[Event "ch-KAZ 2016"]
[Site "Almaty KAZ"]
[Date "2016.05.09"]
[Round "7.1"]
[White "Kuderinov, Kirill"]
[Black "Ismagambetov, Anuar"]
[Result "1-0"]
[WhiteTitle "IM"]
[BlackTitle "GM"]
[WhiteElo "2489"]
[BlackElo "2559"]
[WhiteFideId "13701568"]
[BlackFideId "13701525"]
[EventDate "2016.05.03"]

1. a3 g6 2. e4 Bg7 3. Nc3 d6 4. f4 Nf6 5. d4 O-O 6. Nf3 b6 7. e5 Nfd7 8. Bd3 e6
9. h4 Bb7 10. h5 c5 11. Ng5 cxd4 12. hxg6 hxg6 13. Qg4 Qe7 14. Qh3 Rc8 15. Bxg6
fxg6 16. Qh7+ Kf8 17. Qxg6 dxc3 18. exd6 Qxg5 19. fxg5 Ne5 20. Rf1+ Nf3+ 21. Kd1
Nd7 22. Qxe6 Nc5 23. Qg4 cxb2 24. Bxb2 Bxb2 25. Rb1 Be5 26. gxf3 Bxd6 27. Rh1
Rc7 28. g6 Rg7 29. Rh8+ Ke7 30. Qg5+ Kd7 31. Qf5+ Kc6 32. Rxa8 Bxa8 33. Qc8+ Kd5 1-0

[Event "ch-KAZ 2016"]
[Site "Almaty KAZ"]
[Date "2016.05.09"]
[Round "7.2"]
[White "Kazhgaleyev, Murtas"]
[Black "Kostenko, Petr"]
[Result "1/2-1/2"]
[WhiteTitle "GM"]
[BlackTitle "GM"]
[WhiteElo "2582"]
[BlackElo "2457"]
[WhiteFideId "13700316"]
[BlackFideId "13700669"]
[EventDate "2016.05.03"]

1. d4 e6 2. Nf3 Nf6 3. c4 Bb4+ 4. Bd2 a5 5. g3 d5 6. Qc2 c6 7. Bg2 O-O 8. O-O
Be7 9. Bf4 Nbd7 10. Rd1 Ne4 11. Ne5 g5 12. Bc1 f5 13. Nxd7 Bxd7 14. f3 Nd6 15.
c5 Nf7 16. e4 b6 17. cxb6 Qxb6 18. Nc3 c5 19. Be3 cxd4 20. Bxd4 Bc5 21. Qf2 Bxd4
22. Qxd4 Qxd4+ 23. Rxd4 Rab8 24. exf5 Rxb2 25. fxe6 Bxe6 26. Re1 Nd8 27. Nxd5
Rxa2 28. f4 gxf4 29. Nxf4 Bf7 30. Rd6 Bb3 31. h4 a4 32. Rb6 Nf7 33. Re7 Rc8 34.
h5 h6 35. Ra7 Rd2 36. Kh2 Rcd8 37. Rbb7 Kg7 38. Kh3 Kf6 39. Kh4 R8d4 40. Rb6+
Rd6 41. Rb8 Rd7 42. Ra5 R7d4 43. Rb6+ Rd6 44. Rbb5 R6d4 45. Rf5+ Ke7 46. Bd5
Bxd5 47. Rfxd5 Rxd5 48. Nxd5+ Kd6 49. Ne3 Rh2+ 50. Kg4 Ne5+ 51. Kf4 Nd3+ 52. Kf3
Nc5 53. Nf5+ Kc6 54. Nd4+ Kd5 55. Nb5 Rxh5 56. Nc3+ Ke6 57. Nxa4 Rf5+ 58. Kg2
Ke5 1/2-1/2

[Event "ch-KAZ 2016"]
[Site "Almaty KAZ"]
[Date "2016.05.09"]
[Round "7.3"]
[White "Arestanov, Timur"]
[Black "Askarov, Bakhtiyar"]
[Result "1/2-1/2"]
[WhiteTitle "FM"]
[WhiteElo "2298"]
[BlackElo "2396"]
[WhiteFideId "13701304"]
[BlackFideId "13701100"]
[EventDate "2016.05.03"]

1. d4 Nf6 2. c4 e6 3. g3 d5 4. Nf3 dxc4 5. Bg2 Be7 6. O-O O-O 7. Ne5 Nc6 8. Bxc6
bxc6 9. Nxc6 Qe8 10. Nxe7+ Qxe7 11. Qa4 Qd6 12. Rd1 Qa6 13. Nc3 Rb8 14. Qxa6
Bxa6 15. e4 Nd7 16. Rb1 f6 17. Be3 Rb7 18. f3 Rfb8 19. Rd2 Kf7 20. Kf2 g5 21. h4
gxh4 22. gxh4 h5 23. Kg2 Ke7 24. Kh1 Kf7 25. Rg2 Rg8 26. Rbg1 Rxg2 27. Rxg2 Nf8
28. d5 exd5 29. Nxd5 Ne6 30. f4 Bb5 31. f5 Ng7 32. Rg6 Ne8 33. Bd4 c3 34. Nxc3
Bc6 35. b3 Rb4 36. Bc5 Bxe4+ 37. Kh2 Bxf5 38. Rxf6+ Nxf6 39. Bxb4 a6 1/2-1/2

[Event "ch-KAZ 2016"]
[Site "Almaty KAZ"]
[Date "2016.05.09"]
[Round "7.4"]
[White "Khusnutdinov, Rustam"]
[Black "Jumabayev, Rinat"]
[Result "1/2-1/2"]
[WhiteTitle "GM"]
[BlackTitle "GM"]
[WhiteElo "2487"]
[BlackElo "2618"]
[WhiteFideId "13701703"]
[BlackFideId "13702661"]
[EventDate "2016.05.03"]

1. d4 Nf6 2. c4 c6 3. Nc3 d5 4. Nf3 e6 5. Bg5 h6 6. Bh4 Nbd7 7. e3 g5 8. Bg3 Nh5
9. Be5 Rg8 10. cxd5 exd5 11. h3 Nxe5 12. Nxe5 Nf6 13. Bd3 Bd6 14. Ng4 Rh8 15.
Qf3 Bxg4 16. hxg4 Qe7 17. Bf5 a5 18. Qe2 Kf8 19. Qc2 Kg7 20. O-O-O h5 21. gxh5
Rxh5 22. Rxh5 Nxh5 23. Rh1 Nf6 24. Qd1 Rh8 25. Rxh8 Kxh8 26. Qf3 Kg7 27. Bc2 Ng8
28. Kd1 Nh6 29. Bf5 b5 30. a4 bxa4 31. Nxa4 Qb7 32. Bc2 Be7 33. Qe2 Ng8 34. Qd3
Kf8 35. f3 Nf6 36. e4 dxe4 37. fxe4 Qd7 38. Kc1 Qg4 39. Qf3 Qh4 40. Kb1 Qe1+ 41.
Ka2 Qd2 42. Qc3 Qxg2 43. Qxc6 g4 44. Nb6 Kg7 45. d5 Bd6 46. Nc8 Be5 47. Ne7 Qd2
48. Qc8 Qc1 49. Nf5+ Kh7 50. Qb7 Kg6 51. Bd3 Qd2 52. Qb5 Kg5 53. d6 Kf4 54. Nh6
g3 55. Nxf7 Qxb2+ 56. Qxb2 Bxb2 57. Bf1 Bd4 58. Bg2 Nd7 59. Kb3 Nb6 60. Bh1 Bf6
61. Bg2 Bg7 62. Bh1 Bf6 63. Bg2 Bd4 64. Bh1 Bc5 65. Bg2 a4+ 66. Ka2 Nd7 67. e5
Nf8 68. Bh3 Ne6 69. d7 Be7 70. Kb2 Ke4 71. Ka2 Nf4 72. Bf1 Ke3 73. d8=Q Bxd8 74.
Nxd8 Kf2 75. e6 Nxe6 76. Nxe6 Kxf1 77. Nf4 g2 78. Nxg2 Kxg2 1/2-1/2

[Event "ch-KAZ 2016"]
[Site "Almaty KAZ"]
[Date "2016.05.09"]
[Round "7.5"]
[White "Utegaliyev, Azamat"]
[Black "Urazayev, Arystanbek"]
[Result "0-1"]
[BlackTitle "CM"]
[WhiteElo "2485"]
[BlackElo "2354"]
[WhiteFideId "13702467"]
[BlackFideId "13709810"]
[EventDate "2016.05.03"]

1. d4 Nf6 2. c4 g6 3. f3 d5 4. cxd5 Nxd5 5. e4 Nb6 6. Nc3 Bg7 7. Be3 O-O 8. f4
Nc6 9. d5 Na5 10. Bd4 e5 11. Bxe5 Bxe5 12. fxe5 Re8 13. Nf3 Bg4 14. Qd4 Bxf3 15.
gxf3 Nc6 16. Qe3 Nxe5 17. O-O-O Qf6 18. Be2 Nbc4 19. Qf2 Qf4+ 20. Kb1 Rad8 21.
Qg3 Qxg3 22. hxg3 Ne3 23. Rd4 c6 24. d6 c5 25. Ra4 Rxd6 26. Rxa7 Rb8 27. Ra5 b6
28. Ra7 Rd2 29. f4 Nc6 30. Rc7 Nd4 31. Re1 Rd8 32. Bb5 Nxb5 33. Rxe3 Nxc7 0-1

[Event "ch-KAZ 2016"]
[Site "Almaty KAZ"]
[Date "2016.05.09"]
[Round "7.6"]
[White "Gurkin, Anton"]
[Black "Egorov, Evgeny"]
[Result "0-1"]
[BlackTitle "IM"]
[WhiteElo "2276"]
[BlackElo "2387"]
[WhiteFideId "13704320"]
[BlackFideId "13700421"]
[EventDate "2016.05.03"]

1. e4 c5 2. Nc3 Nc6 3. Nf3 g6 4. d4 cxd4 5. Nxd4 Bg7 6. Be3 Nf6 7. Qd2 O-O 8.
O-O-O Ng4 9. Nxc6 bxc6 10. Bf4 Qa5 11. Bc4 d6 12. f3 Ne5 13. Bb3 Be6 14. Bh6
Bxb3 15. cxb3 Nd3+ 16. Kb1 Bxh6 17. Qxd3 Rfd8 18. h4 e6 19. h5 g5 20. g3 Qe5 21.
Rdg1 Kh8 22. Rh2 Rab8 23. Rf2 Rb4 24. f4 Qc5 25. Qf3 f6 26. Rc1 Qb6 27. Rd2 gxf4
28. gxf4 Qc7 29. Ne2 e5 30. fxe5 Rf8 31. exd6 Qd7 32. Nf4 Rb5 33. Rcd1 f5 34.
Rg2 Re5 35. exf5 Qxf5+ 36. Ka1 Qxf4 37. Qxc6 Qf1 38. Rg1 Qf6 39. Qc4 Rd8 40. d7
Bg7 41. a3 Re1 42. Qc2 Rxg1 43. Rxg1 Rxd7 44. Rg2 a5 45. Ka2 Rf7 46. Qc4 Rf8 47.
Qg4 Qd4 48. Qxd4 Bxd4 49. Rg4 Bg7 50. Rg2 Rf3 51. Rc2 h6 52. a4 Bf8 53. Rc3 Rf5
54. Rh3 Rf2 55. b4 Bxb4 56. Kb3 Rf5 57. Kc4 Kg7 58. Kd4 Kf6 59. Ke4 Re5+ 60. Kd4
Re2 61. b3 Kg5 62. Kd3 Kg4 63. Rh1 Re5 64. Kd4 Rxh5 0-1

[Event "ch-KAZ 2016"]
[Site "Almaty KAZ"]
[Date "2016.05.10"]
[Round "8.1"]
[White "Ismagambetov, Anuar"]
[Black "Egorov, Evgeny"]
[Result "1-0"]
[WhiteTitle "GM"]
[BlackTitle "IM"]
[WhiteElo "2559"]
[BlackElo "2387"]
[WhiteFideId "13701525"]
[BlackFideId "13700421"]
[EventDate "2016.05.03"]

1. e4 c5 2. Nf3 d6 3. d4 cxd4 4. Nxd4 Nf6 5. Nc3 a6 6. Bg5 Nbd7 7. f4 Qc7 8. Qf3
h6 9. Bxf6 Nxf6 10. f5 Qc5 11. O-O-O g5 12. fxg6 Bg4 13. gxf7+ Kxf7 14. Qd3 Bxd1
15. Nxd1 Bg7 16. Be2 b5 17. Rf1 h5 18. Qb3+ d5 19. Nf5 Nxe4 20. Nd6+ Kg8 21.
Nxe4 Qd4 22. Ng3 e6 23. Nxh5 Rf8 24. Nxg7 Qxg7 25. Rxf8+ Kxf8 26. Qf3+ Ke7 27.
h3 Rf8 28. Qa3+ Kf6 29. Bg4 Qg5+ 30. Kb1 Kg7 31. Qxa6 Rf1 32. Qxe6 Qd2 33. Qe2
Qxe2 34. Bxe2 Rg1 35. Bf3 Kf6 36. Kc1 Ke5 37. Kd2 b4 38. a3 bxa3 39. bxa3 Kd4
40. a4 Kc5 41. c3 1-0

[Event "ch-KAZ 2016"]
[Site "Almaty KAZ"]
[Date "2016.05.10"]
[Round "8.2"]
[White "Urazayev, Arystanbek"]
[Black "Gurkin, Anton"]
[Result "1/2-1/2"]
[WhiteTitle "CM"]
[WhiteElo "2354"]
[BlackElo "2276"]
[WhiteFideId "13709810"]
[BlackFideId "13704320"]
[EventDate "2016.05.03"]

1. c4 e6 2. g3 d5 3. Bg2 c6 4. Nf3 Nd7 5. cxd5 exd5 6. O-O Ngf6 7. Nc3 Bd6 8. d3
O-O 9. e4 dxe4 10. dxe4 Qe7 11. Re1 Ne5 12. Nxe5 Bxe5 13. h3 Rd8 14. Qc2 Be6 15.
Be3 Bd4 16. Rad1 Bxe3 17. Rxe3 Rxd1+ 18. Qxd1 Rd8 19. Rd3 Rxd3 20. Qxd3 Qd7 21.
Qe3 b6 22. Kh2 c5 23. Nd5 Bxd5 24. exd5 Qd6 25. f4 h5 26. Kg1 Kf8 27. Qd2 Ne8
28. Bf3 g6 29. Qc3 Qf6 30. Qe5 Qd6 31. Kf2 f6 32. Qe4 f5 33. Qe5 Qf6 34. Be2 Kf7
35. Bb5 Nd6 36. a4 h4 37. Bd3 hxg3+ 38. Kxg3 a5 39. b3 Kg7 40. Bc4 Nf7 41. Qe3
Kf8 42. Bf1 Nd6 43. Bg2 Qb2 44. Bf3 Qa1 45. h4 Qf6 46. Qe5 Kg7 47. h5 Nf7 48.
Qe3 Kf8 49. Qe6 Kg7 50. Qe3 Kh6 51. Qe6 Kg7 52. Qe3 Kf8 53. Qe6 Kg7 54. Qe3 Kh6
55. Qe6 1/2-1/2

[Event "ch-KAZ 2016"]
[Site "Almaty KAZ"]
[Date "2016.05.10"]
[Round "8.3"]
[White "Jumabayev, Rinat"]
[Black "Utegaliyev, Azamat"]
[Result "1/2-1/2"]
[WhiteTitle "GM"]
[WhiteElo "2618"]
[BlackElo "2485"]
[WhiteFideId "13702661"]
[BlackFideId "13702467"]
[EventDate "2016.05.03"]

1. d4 Nf6 2. c4 g6 3. Nc3 Bg7 4. g3 O-O 5. Bg2 d6 6. Nf3 c6 7. O-O Bf5 8. Qb3
Qb6 9. Re1 Na6 10. h3 Qxb3 11. axb3 Nb4 12. Ra4 a5 13. e4 Bd7 14. e5 dxe5 15.
dxe5 Ne8 16. Be3 Ra6 17. Bf1 b6 18. Rea1 Nc7 19. c5 b5 20. Rxa5 Rxa5 21. Rxa5
Ra8 22. Rxa8+ Nxa8 23. Bd2 Na6 24. Bg2 Nxc5 25. Nd4 Bxe5 26. Nxc6 Bxc6 27. Bxc6
Nxb3 28. Bg5 Nc7 29. Bxe7 Na5 30. Bd7 Nc4 31. Nxb5 Nd5 32. Bg5 Bxb2 33. Bc6 Nb4
34. Be4 Nb6 35. Be7 N4d5 36. Bc5 Nf6 37. Bc2 Nbd7 38. Bd6 Be5 39. Ba3 Nd5 40.
Bb3 Nc7 41. Na7 Kg7 42. Kg2 Ne6 43. Ba2 h5 44. Nc6 Bc3 45. Bd6 Nf6 46. f3 Ne8
47. Ba3 N8c7 48. Bc4 Ne8 49. f4 Bf6 50. Bb4 N8c7 51. Bd6 Ne8 52. Bb8 Nd8 53. Ne5
Bxe5 54. Bxe5+ f6 55. Bc3 Nf7 56. Kf3 Nfd6 57. Bb3 Kf8 58. Bb4 Ke7 59. Ke3 Kd7
60. Ba4+ Ke6 61. Bb3+ Kd7 62. Ba4+ Ke6 63. Kd3 g5 64. Bd2 g4 65. hxg4 hxg4 66.
Bb3+ Ke7 67. Bb4 f5 68. Kd4 Kf6 69. Ba4 Ke6 70. Ba3 Kf7 71. Bb3+ Kg6 72. Ba4 Kf7
73. Bc6 Ke6 74. Bd5+ Kf6 75. Bb4 Nf7 76. Bc3 Kg6 77. Be1 Nf6 78. Bc6 Nd6 79. Ke5
Nf7+ 80. Kd4 Nd6 81. Ba4 Nde4 82. Ke5 Nc5 83. Bb5 Nce4 84. Ke6 Nc5+ 85. Ke7 Nce4
86. Bc6 Nh5 87. Be8+ Kh6 88. Bxh5 Kxh5 89. Kf7 Kh6 90. Ke7 Kg6 91. Ke6 Nc5+ 92.
Kd5 Nd3 93. Ba5 Kf6 94. Bd8+ Kf7 95. Bh4 Kg6 96. Ke6 Nc5+ 97. Ke5 Ne4 98. Ke6
Nd2 99. Bd8 Nf1 100. Bh4 Ne3 101. Bd8 Nc2 102. Bb6 Ne1 103. Bd8 Nd3 104. Be7 Nf2
105. Bd8 Ne4 106. Bh4 Nf2 1/2-1/2